| 000 | 00754cab a2200241 4500 | ||
|---|---|---|---|
| 001 | ABS48671 | ||
| 008 | 090401t1993 xxu||||| |||| 00| 0 eng d | ||
| 035 | _a(Sirsi) u67948 | ||
| 041 | _aeng | ||
| 245 | _aMainly for students : Manslaughter | ||
| 260 | _c1993 | ||
| 350 | _a0 | ||
| 490 |
_aEstates Gazette _v(9317) 1 May 1993, 26-27 |
||
| 520 | _aDiscusses the legal charge of manslaughter and under what circumstances a contractor, workman or professional may be convicted if his/her negligence or workmanship is the cause of death. Considers relevant case law. | ||
| 650 | _aDEATH | ||
| 650 | _aINJURY | ||
| 650 | _aMANSLAUGHTER | ||
| 650 | _aNEGLIGENCE | ||
| 650 | _aWORKMANSHIP | ||
| 690 | _aLAW | ||
| 942 | _n0 | ||
| 948 | _c04/03/1997 | ||
| 999 |
_c42583 _d42583 |
||